000 00471nam a2200157Ia 4500
008 210716s1994 xx 000 0 und d
020 _a8172242816
041 _aeng
082 _a005.133 BROG
100 _aBronson, Gary J;Menconi, Stephen J.
245 _aFirst book of ansi c: fundamentals of c programming.
_bFundamentals of c programming.
250 _a1
260 _aNew Delhi
_bJaico Publishing House
_c1994
300 _axvii,539,12
650 _aC Programming
999 _c182819
_d182819